000
00461nam a2200181Ia 4500
008
090124s9999 xx 000 0 und d
082
_b
25352
_a
6791
100
_a
देसाई रणजित
245
_a
अभोगी
250
_a
1
260
_c
1987
300
_a
244
600
_a
देसाई रणजित
630
_a
अभोगी
700
_a
देसाई रणजित
730
_a
अभोगी
942
_c
BOOK
999
_c
138865
_d
138865